|
|
|
|
| LEADER |
01645nam a2200505 a 4500 |
| 001 |
nkc20142582762 |
| 003 |
CZ PrNK |
| 005 |
20140526132538.0 |
| 007 |
ta |
| 008 |
140403s2013 xr a f m 000 0 cze |
| 015 |
|
|
|a cnb002582762
|
| 020 |
|
|
|a 978-80-7464-404-7
|q (brož.)
|
| 035 |
|
|
|a (OCoLC)879565714
|
| 040 |
|
|
|a BOA001
|b cze
|d ABA001
|
| 072 |
|
7 |
|a 17
|x Etika. Morální filozofie
|2 Konspekt
|9 5
|
| 080 |
|
|
|a 124.5
|2 MRF
|
| 080 |
|
|
|a 17
|2 MRF
|
| 080 |
|
|
|a 124.5
|2 MRF
|
| 080 |
|
|
|a 316.752
|2 MRF
|
| 080 |
|
|
|a 801.73
|2 MRF
|
| 080 |
|
|
|a (048.8)
|2 MRF
|
| 100 |
1 |
|
|a Klimsza, Lucjan,
|d 1974-
|7 pna2010568985
|4 aut
|
| 245 |
1 |
0 |
|a Hermeneutická etika hodnot /
|c Lucjan Klimsza
|
| 250 |
|
|
|a Vyd. 1.
|
| 260 |
|
|
|a Ostrava :
|b Ostravská univerzita,
|c 2013
|
| 300 |
|
|
|a 173 s. :
|b il. ;
|c 25 cm
|
| 500 |
|
|
|a Na obálce nad názvem: Ostravská univerzita v Ostravě, Pedagogická fakulta
|
| 500 |
|
|
|a 300 výt.
|
| 504 |
|
|
|a Obsahuje bibliografii a bibliografické odkazy
|
| 650 |
0 |
7 |
|a axiologie
|7 ph118715
|2 czenas
|
| 650 |
0 |
7 |
|a etika
|7 ph114488
|2 czenas
|
| 650 |
0 |
7 |
|a hodnoty
|7 ph120778
|2 czenas
|
| 650 |
0 |
7 |
|a hermeneutika
|7 ph120687
|2 czenas
|
| 650 |
0 |
9 |
|a axiology
|2 eczenas
|
| 650 |
0 |
9 |
|a ethics
|2 eczenas
|
| 650 |
0 |
9 |
|a values
|2 eczenas
|
| 650 |
0 |
9 |
|a hermeneutics
|2 eczenas
|
| 655 |
|
7 |
|a monografie
|7 fd132842
|2 czenas
|
| 655 |
|
9 |
|a monographs
|2 eczenas
|
| 710 |
2 |
|
|a Ostravská univerzita.
|b Pedagogická fakulta
|7 kn20010709315
|
| 910 |
2 |
|
|a BOA001
|b 2-1325.399
|
| 990 |
|
|
|a BK
|
| 995 |
|
|
|a 01
|
| 991 |
|
|
|b 201404
|c NOV
|e n
|
| 996 |
6 |
|
|b 2610588112
|c 2-1325.399
|l MZK
|r Sklad / do 1 hodiny
|n 5
|p p.v.
|w 001415605
|u 000010
|a 1
|e BOA001
|j MZK50
|s P
|